Administración de personal y recursos humanos / (Record no. 94972)
[ view plain ]
| 000 -CABECERA | |
|---|---|
| campo de control de longitud fija | 00829nam a2200241 a 4500 |
| 005 - FECHA Y HORA DE LA ÚLTIMA TRANSACCIÓN | |
| campo de control | 20221104063452.0 |
| 008 - ELEMENTOS DE LONGITUD FIJA--INFORMACIÓN GENERAL | |
| campo de control de longitud fija | 030311s2000 mx r 000 0 spa d |
| 020 ## - NÚMERO INTERNACIONAL NORMALIZADO PARA LIBROS | |
| Número Internacional Estándar del Libro | 9701028929 |
| 035 ## - NÚMERO DE CONTROL DEL SISTEMA | |
| Número de control de sistema | UPN01000122789 |
| 049 ## - COLECCIÓN | |
| Colección | CG |
| 050 #4 - SIGNATURA TOPOGRÁFICA DE LA BIBLIOTECA DEL CONGRESO | |
| Número de clasificación | HF5549 |
| Número de documento/Ítem | W4.28 2000 |
| 100 1# - ASIENTO PRINCIPAL--NOMBRE PERSONAL | |
| Nombre de persona | Werther, William B., |
| Fechas asociadas al nombre | 1947- |
| 9 (RLIN) | 38634 |
| 245 10 - MENCIÓN DE TÍTULO | |
| Título | Administración de personal y recursos humanos / |
| Mención de responsabilidad, etc. | William B. Werther, Keith Davis ; tr. Joaquín Mejía Gómez. |
| 250 ## - MENCIÓN DE EDICIÓN | |
| Mención de edición | 5a ed. |
| 260 ## - PUBLICACIÓN, DISTRIBUCIÓN, ETC. | |
| Lugar de publicación, distribución, etc. | México : |
| Nombre del editor, distribuidor, etc. | McGraw-Hill, |
| Fecha de publicación, distribución, etc. | 2000. |
| 300 ## - DESCRIPCIÓN FÍSICA | |
| Extensión | xxiii, 582 p. |
| 534 ## - NOTA SOBRE LA VERSIÓN ORIGINAL | |
| Frase introductoria | Traducción de: |
| Mención de título del original | Human resources and personnel management |
| 590 ## - NOTA LOCAL (RLIN) | |
| Nota local | Bibliografía Básica (BGTQ) |
| 590 ## - NOTA LOCAL (RLIN) | |
| Nota local | (También localizas un ejemplar en el "Area de Reserva") |
| 650 #2 - ASIENTO SECUNDARIO DE MATERIA - TERMINO TEMATICO | |
| Término de materia o nombre geográfico como elemento de entrada | Administración de personal |
| 9 (RLIN) | 487 |
| 700 1# - ASIENTO SECUNDARIO--NOMBRE DE PERSONAL | |
| Nombre de persona | Davis, Keith, |
| Término indicativo de función/relación | coaut. |
| 905 ## - TIPO DE MATERIAL | |
| Tipo de material | Libro |
| Estado de retiro | Estado de pérdida | Fuente del sistema de clasificación o colocación | Estado dañado | No para préstamo | Código de colección | Localización permanente | Ubicación/localización actual | Ubicación en estantería | Fecha de adquisición | Total de préstamos | Renovaciones totales | Clasificación | Código de barras | Fecha visto por última vez | Fecha del último préstamo | Número de copia | Tipo de ítem Koha | Restricciones de uso |
|---|---|---|---|---|---|---|---|---|---|---|---|---|---|---|---|---|---|---|
| Library of Congress Classification | Colección General | Bib. Gregorio Torres Quintero | Bib. Gregorio Torres Quintero | Planta baja | 01/11/2023 | 29 | 2 | HF5549 W4.28 2000 | 204885 | 19/09/2025 | 15/08/2025 | 1 | Libro | |||||
| Library of Congress Classification | Colección General | Bib. Gregorio Torres Quintero | Bib. Gregorio Torres Quintero | Planta baja | 31/10/2023 | 18 | HF5549 W4.28 2000 | 236576 | 15/11/2023 | 31/10/2023 | 1 | Libro | ||||||
| Library of Congress Classification | Colección General | Bib. Gregorio Torres Quintero | Bib. Gregorio Torres Quintero | Planta baja | 3 | HF5549 W4.28 2000 | 204884 | 31/12/2020 | 1 | Libro | ||||||||
| Library of Congress Classification | Colección General | Bib. Gregorio Torres Quintero | Bib. Gregorio Torres Quintero | Planta baja | 21 | HF5549 W4.28 2000 | 195941 | 31/12/2020 | 1 | Libro | ||||||||
| Library of Congress Classification | Bibliografía básica | Bib. Gregorio Torres Quintero | Bib. Gregorio Torres Quintero | Colecciones especiales Planta alta | 30/01/2023 | 26 | HF5549 W4.28 2000 | 195940 | 31/12/2020 | 1 | Libro por horas | Préstamo por horas | ||||||
| Library of Congress Classification | Colección General | Bib. Gregorio Torres Quintero | Bib. Gregorio Torres Quintero | Planta baja | 24 | HF5549 W4.28 2000 | 195938 | 31/12/2020 | 1 | Libro | ||||||||
| Library of Congress Classification | Colección General | Bib. Gregorio Torres Quintero | Bib. Gregorio Torres Quintero | Planta baja | 09/10/2023 | 24 | 1 | HF5549 W4.28 2000 | 195939 | 01/09/2025 | 19/08/2025 | 1 | Libro | |||||
| Library of Congress Classification | Colección General | Bib. Gregorio Torres Quintero | Bib. Gregorio Torres Quintero | Planta baja | 28 | HF5549 W4.28 2000 | 204883 | 20/08/2025 | 18/08/2025 | 1 | Libro |
